Top 100 des plus grandes villes d’Allemagne - Statistiques

Statistiques générales
  • Ce quiz a été pris 98 fois
  • Le résultat moyen est 33 sur 100
Statistiques - réponses
Population Villes % Correct
3 755 251 Berlin
100%
773 068 Francfort-sur-le-Main
97%
1 892 122 Hambourg
96%
1 512 491 Munich
95%
616 093 Leipzig
88%
632 865 Stuttgart
88%
1 084 831 Cologne
85%
629 047 Düsseldorf
84%
593 317 Dortmund
82%
569 396 Brême
81%
523 026 Nuremberg
77%
563 311 Dresde
73%
538 068 Hanovre
71%
584 580 Essen
67%
247 717 Kiel
67%
220 552 Mayence
66%
315 554 Mannheim
64%
247 380 Aix-la-Chapelle
63%
336 465 Bonn
60%
180 741 Sarrebruck
58%
209 920 Rostock
56%
308 707 Karlsruhe
55%
185 750 Potsdam
53%
301 033 Augsbourg
52%
365 742 Bochum
51%
338 332 Bielefeld
47%
111 191 Iéna
47%
239 364 Magdebourg
47%
128 928 Ulm
47%
502 211 Duisbourg
45%
320 946 Münster
45%
263 000 Gelsenkirchen
44%
125 961 Wolfsburg
44%
165 748 Leverkusen
42%
214 969 Erfurt
40%
162 243 Darmstadt
38%
268 465 Mönchengladbach
38%
112 195 Trèves
37%
162 273 Heidelberg
34%
218 095 Lübeck
34%
101 228 Kaiserslautern
33%
358 876 Wuppertal
33%
141 029 Ingolstadt
32%
157 443 Ratisbonne
32%
248 563 Chemnitz
30%
236 140 Fribourg-en-Brisgau
29%
167 366 Osnabrück
29%
283 083 Wiesbaden
29%
251 804 Brunswick
26%
210 824 Oberhausen
26%
150 580 Paderborn
26%
115 268 Coblence
25%
99 515 Cottbus
25%
119 801 Göttingen
23%
98 596 Schwerin
23%
115 468 Bremerhaven
22%
204 202 Cassel
22%
174 265 Ludwigshafen
22%
92 550 Flensbourg
19%
131 433 Fürth
19%
189 783 Hagen
18%
180 849 Hamm
16%
172 830 Oldenbourg
16%
127 849 Pforzheim
16%
127 810 Wurtzbourg
16%
104 146 Zwickau
16%
128 334 Heilbronn
15%
118 113 Bottrop
14%
228 426 Krefeld
14%
79 935 Bamberg
12%
116 562 Erlangen
12%
93 634 Gera
12%
157 368 Herne
12%
112 267 Recklinghausen
12%
111 966 Bergisch Gladbach
11%
153 796 Neuss
11%
74 506 Bayreuth
10%
134 170 Offenbach-sur-le-Main
10%
115 966 Reutlingen
10%
160 643 Solingen
10%
65 620 Weimar
10%
102 836 Siegen
8%
101 990 Hildesheim
7%
103 725 Moers
7%
113 613 Remscheid
7%
104 548 Salzgitter
7%
103 384 Witten
7%
58 230 Francfort-sur-l’Oder
5%
100 194 Gütersloh
5%
242 083 Halle-sur-Saale
5%
64 403 Rosenheim
5%
76 089 Wilhelmshaven
4%
72 444 Aschaffenbourg
3%
75 457 Landshut
3%
79 502 Neumünster
3%
73 609 Brandebourg-sur-la-Havel
1%
78 385 Delmenhorst
1%
70 056 Kempten
1%
172 404 Mülheim an der Ruhr
1%
79 655 Dessau-Roßlau
0%
Aucun quiz correspondant
Distribution des résultats
% des personnes avec chaque résultat
Percentile par nombre de réponses
Votre historique - résultats
Vous n’avez pas pris ce quiz